000
00269nam a22000977a 4500
999
_c
517187
_d
517187
082
_a
TNC T000 M475p
100
_a
Meier, Gerard M.
_9
24642
245
_a
Problems of cooperation for development
_c
By Gerald M. Meier
260
_a
London
_b
Oxford Univ.
_c
1974
300
_a
249p.